Estadísticas para Banderas de Países de la Copa Mundial de la FIFA del 2022

Haz click aquí para intentar la prueba.

Estadísticas generales

  • Esta prueba ha sido intentada 1.682 veces
  • La puntuación promedio es 31 de 32

Estadísticas de respuestas

Respuesta% Correcto
Alemania
100%
Brasil
100%
Canadá
99%
Corea del Sur
99%
España
99%
Estados Unidos
99%
Francia
99%
Japón
99%
México
99%
Argentina
98%
Australia
98%
Bélgica
98%
Ecuador
98%
Polonia
98%
Portugal
98%
Suiza
98%
Uruguay
98%
Arabia Saudita
97%
Catar
97%
Croacia
97%
Dinamarca
96%
Inglaterra
96%
Irán
96%
Marruecos
96%
Países Bajos
96%
Serbia
94%
Costa Rica
93%
Gales
92%
Túnez
92%
Ghana
90%
Senegal
90%
Camerún
89%

Distribución de puntuación

Porcentaje por número respondido

Porcentaje de gente con cada puntuación

Historial de tus puntuaciones

No has intentado esta prueba.